[Event "XLI Rilton Cup 2011-12"]
[Site "Stockholm SWE"]
[Date "2011.12.28"]
[Round "2"]
[White "Volkov, Sergey"]
[Black "Leer Salvesen, B."]
[Result "0-1"]
[WhiteElo "2626"]
[BlackElo "2380"]
[PlyCount "96"]
[EventDate "2011.12.27"]
[EventType "swiss"]
[EventRounds "9"]
[EventCountry "SWE"]
[Source "Mark Crowther"]
[SourceDate "2011.01.03"]

{D12: Damengambit (Slawische Verteidigung)} 1. d4 d5 2. c4 c6 3. Nf3 Nf6 4. e3
Bf5 5. Nc3 e6 6. Nh4 Bg6 7. Nxg6 hxg6 8. g3 Nbd7 9. Bg2 dxc4 10. Qe2 Nb6 11.
O-O Be7 (11... Bb4 12. a3 Ba5 13. Bd2 O-O 14. Ne4 Bxd2 15. Nxd2 Qe7 16. Nxc4
Nxc4 17. Qxc4 e5 18. dxe5 Qxe5 19. b4 Rfd8 20. a4 a6 21. Rad1 g5 22. Rd3 Rxd3
23. Qxd3 g4 24. Rd1 g6 25. Rb1 Kg7 26. b5 {Tregubov,P (2615)-Shirov,A (2699)/
Sochi 2007/1/2-1/2}) 12. Rd1 Qc7 13. a4 $146 (13. e4 e5 14. Be3 Nfd7 15. dxe5 (
15. f4 exd4 16. Bxd4 Bc5 17. e5 Bxd4+ 18. Rxd4 Nc5 19. Ne4 (19. Qe3 O-O 20. Rd6
Nd3 21. b3 Rae8 22. Qd4 c5 23. Qe4 Qxd6 24. exd6 Rxe4 25. Bxe4 Rd8 26. Rd1 Nb4
27. Bxb7 Rd7 28. Bg2 Nc8 29. Ne4 f5 30. Bh3 Nxa2 31. bxc4 Nb4 32. Rb1 Na6 33.
Ra1 Nb4 {Bu Xiangzhi (2615)-Pelletier,Y (2589)/Mallorca 2004/1-0}) 19... Nxe4
20. Bxe4 Rd8 21. Rxd8+ Qxd8 22. Rd1 Qe7 23. h4 O-O 24. Qd2 f6 25. Bxg6 fxe5 26.
Qe2 Qc5+ 27. Kh1 exf4 28. gxf4 c3 29. b4 Qc4 {Dreev,A (2711)-Bjornsson,S (2349)
/Rogaska Slatina SLO 2011/1/2-1/2}) 15... Nxe5 16. f4 Nd3 17. b3 g5 18. fxg5
Bc5 19. Bxc5 Nxc5 20. Qe3 Qe5 21. Ne2 Ne6 22. h4 O-O 23. Nf4 Nd5 24. Nxd5 cxd5
25. bxc4 dxc4 26. Rab1 Rfd8 27. Rxd8+ Rxd8 {Fridman,D (2604)-Naumann,A (2542)/
Germany 2006/0-1}) 13... a5 14. e4 e5 15. Be3 Nfd7 16. h4 O-O 17. dxe5 Nxe5 18.
f4 Nd3 19. e5 Bc5 20. Be4 Bxe3+ 21. Qxe3 Nxb2 (21... Rad8 $142 $5 $11) 22. Rdb1
$16 N2xa4 23. Nxa4 Nxa4 24. Rxa4 b5 25. Ra2 b4 (25... Rfd8 $142 $5 $16) 26. Qe2
$18 c3 27. h5 Qb6+ $2 (27... Rfb8 28. hxg6 b3 $18) 28. Kg2 $18 b3 $4 (28... Qc5
29. hxg6 fxg6 30. Bxg6 $18) 29. Ra3 (29. hxg6 $142 Qb4 30. Rh1 $18) 29... c2
$16 30. Rh1 (30. Bxc2 $5 bxc2 31. Qxc2 $16 (31. Rxb6 $6 c1=Q 32. Rd3 gxh5 $15))
30... g5 (30... Qb4 31. hxg6 Rfd8 (31... Qxa3 $4 32. Rh8+ Kxh8 33. Qh5+ Kg8 34.
Qh7#) 32. gxf7+ Kf8 33. Rxb3 Qxb3 34. Rh8+ Ke7 35. f8=Q+ Rxf8 36. Bxc2 Qd5+ 37.
Be4 Qb5 $11) 31. Qc4 (31. h6 c1=Q 32. Rxc1 Qb4 33. hxg7 Rfd8 34. Rxb3 Rd2 35.
Rxb4 Rxe2+ 36. Kf3 axb4 37. Kxe2 Kxg7 38. Rxc6 gxf4 39. gxf4 Rb8 $18) 31...
Rfb8 (31... Rab8 $142 $5 32. Bxc2 bxc2 33. Qxc2 Rfd8 $17) 32. Bg6 $11 Ra7 $2 (
32... Qd8 33. Rxb3 Qd2+ 34. Kh3 Qd7+ 35. e6 g4+ 36. Kh4 (36. Kxg4 $143 Qd1+ 37.
Kg5 f6+ (37... fxg6 38. Rxb8+ Rxb8 39. e7+ Qd5+ 40. Qxd5+ cxd5 41. Rc1 (41.
Kxg6 $2 Rb6+ 42. Kf5 Kf7 $19) (41. hxg6 $4 d4 42. f5 Re8 $19) 41... gxh5 42.
Rxc2 $19) 38. Kf5 c1=Q 39. Qxc1 Qd5+ (39... Qxb3 $6 40. Qxc6 Qxg3 41. e7 Qd3+
42. Qe4 Qxe4+ 43. Kxe4 $11) 40. Kg4 Rxb3 $17 (40... Qxe6+ $6 41. Bf5 Qxb3 42.
Qxc6 $11)) 36... Qd8+ 37. e7 Qxe7+ 38. Kxg4 Qd7+ 39. Kh4 Rxb3 40. Qxb3 $11) 33.
e6 $14 Qb5 $4 (33... Kf8 34. exf7 Qd8 35. Rxb3 Qd2+ 36. Kh3 g4+ 37. Kxg4 Qd1+
38. Rf3 Qxh1 39. Qxc6 Re7 $18) 34. exf7+ $18 Kf8 35. Rxb3 (35. Re1 $142 Re7 36.
Qc3 $18) 35... Qxb3 $19 (35... Qxc4 $4 36. Rxb8+ Ke7 37. f8=Q+ Ke6 38. Bf5+ Kd5
39. Rd8+ Rd7 40. Rxd7#) 36. Re1 $2 (36. Qc5+ $142 Re7 37. h6 gxh6 38. Rxh6 $19)
36... Rxf7 (36... Qxc4 $4 37. Re8+ Rxe8 38. fxe8=Q#) 37. Qc5+ (37. Bxf7 $4 Qxc4
38. Bxc4 Rb1 $19) 37... Kg8 38. Bxf7+ Qxf7 (38... Kxf7 $143 39. Rc1 gxf4 40.
gxf4 Qd5+ 41. Qxd5+ cxd5 42. Rxc2 $19) 39. Qxc2 gxf4 40. Qxc6 (40. Re5 fxg3 41.
Rxa5 $19) 40... fxg3 41. Qe6 a4 42. Qe5 (42. Qxf7+ Kxf7 43. Rf1+ Ke6 44. Rf3
$19) 42... Qf2+ 43. Kh3 Qh2+ 44. Kg4 Rb4+ 45. Re4 Qe2+ 46. Kg5 (46. Kf4 Rxe4+
47. Qxe4 Qxe4+ 48. Kxe4 g2 49. Ke5 g1=Q 50. Kd5 a3 51. Ke6 a2 52. h6 a1=Q 53.
h7+ Kxh7 54. Kd7 Qgd4+ 55. Ke6 Qe1+ 56. Kf5 Qee5#) 46... Qxe4 47. Qxg7+ (47.
Qxe4 Rxe4 48. Kg6 Re6+ 49. Kg5 g2 50. h6 g1=Q+ 51. Kf5 Kf7 52. hxg7 Qf1+ 53.
Kg4 Rg6+ 54. Kh5 Qh3#) 47... Kxg7 48. h6+ Kh8 (48... Kh8 49. Kf6 Rb5 50. Kf7
Kh7 51. Kf6 Rf5#) (48... Kf7 49. h7 Qg6#) 0-1

[Event "FIDE Women's World Teams"]
[Site "Mardin TUR"]
[Date "2011.12.22"]
[Round "5.13"]
[White "Kosintseva, Nadezhda"]
[Black "Hou, Yifan"]
[Result "0-1"]
[WhiteElo "2546"]
[BlackElo "2578"]
[PlyCount "92"]
[EventDate "2011.12.18"]
[Source "Mark Crowther"]
[SourceDate "2011.01.03"]
[WhiteTeam "Russia"]
[BlackTeam "China"]
[WhiteTeamCountry "RUS"]
[BlackTeamCountry "CHN"]

{B70: Sizilianisch (Drachen-Variante)} 1. e4 c5 2. Nf3 Nc6 3. Nc3 g6 4. d4 cxd4
5. Nxd4 Bg7 6. Nb3 Nf6 7. Be2 d6 8. O-O O-O 9. Re1 b6 10. Bg5 (10. Bf1 Bb7 11.
Bg5 h6 12. Bh4 Re8 13. a3 Rc8 14. Nd5 e6 15. Nxf6+ Bxf6 16. Bxf6 Qxf6 17. c3
Red8 18. Nd4 Ne5 19. Qa4 Ra8 20. Ba6 Bxa6 21. Qxa6 Rd7 22. a4 h5 23. a5 Rb8 24.
axb6 Rxb6 {Grover,S (2495)-Hansen,S (2603)/Reykjavik ISL 2011/0-1}) 10... h6
11. Bh4 Bb7 $146 (11... g5 12. Bg3 Bb7 13. Qd2 Ne5 14. Qe3 Nfg4 15. Bxg4 Nxg4
16. Qe2 Ne5 17. Rad1 e6 18. Nb5 Ba6 19. c4 Qe7 20. N3d4 Rac8 21. b3 Rfd8 22. a4
Kh7 23. Nc2 Ra8 24. Rd2 Bxb5 25. cxb5 Ng6 26. Red1 {Rublevsky,S (2699)
-Gashimov,V (2717)/Poikovsky 2008/1-0}) 12. f4 e5 13. fxe5 (13. f5 g5 14. Bg3
Re8 $14) 13... Nxe5 $11 14. Bf1 a6 15. Qd2 b5 16. Rad1 Nc4 17. Bxc4 bxc4 18. e5
dxe5 (18... cxb3 $143 19. exf6 Bxf6 20. Bxf6 Qxf6 21. axb3 $16) 19. Qxd8 Raxd8
20. Rxd8 (20. Na5 $142 $5 Rxd1 21. Rxd1 $15) 20... Rxd8 $17 21. Na5 Ba8 22.
Nxc4 (22. Rxe5 $2 g5 23. Be1 Ng4 $19) 22... Rd4 23. Bxf6 Bxf6 24. b3 e4 25. Ne2
Rd8 26. Kf2 Kg7 27. g3 Be7 28. Nc3 f5 29. Ke2 Kf6 30. Rd1 (30. Nd1 $17) 30...
Kg7 (30... Rxd1 31. Kxd1 Bc5 32. a3 $19) 31. Kf2 (31. Rxd8 Bxd8 32. Na4 Kf6 $15
) 31... Kf6 32. Ke2 Rxd1 33. Nxd1 g5 34. Nde3 Ke6 35. Ng2 Bd8 36. Ke3 (36. c3
Bc7 $19) 36... Bd5 37. Nd2 (37. Kd4 Bxc4 38. bxc4 Bf6+ 39. Ke3 Ke5 $19) 37...
Ke5 38. c4 Bf7 39. c5 (39. b4 h5 $19) 39... f4+ $1 40. gxf4+ $4 (40. Nxf4 gxf4+
41. gxf4+ Kd5 42. Nxe4 $19) 40... gxf4+ 41. Kf2 e3+ (41... Be7 $5 42. c6 e3+
43. Nxe3 $19) 42. Nxe3 fxe3+ 43. Kxe3 Bg5+ 44. Kd3 Bxd2 45. Kxd2 Kd5 46. b4 (
46. c6 Kxc6 47. Kd3 Kc5 $19) 46... Kc4 0-1

[Event "3.London Chess Classic"]
[Site "London ENG"]
[Date "2011.12.10"]
[Round "7"]
[White "Kramnik, Vladimir"]
[Black "Howell, David"]
[Result "1-0"]
[WhiteElo "2800"]
[BlackElo "2633"]
[PlyCount "79"]
[EventDate "2011.12.03"]
[EventType "tourn"]
[EventRounds "9"]
[EventCountry "ENG"]
[EventCategory "20"]
[Source "Mark Crowther"]
[SourceDate "2011.01.03"]
[WhiteTeamCountry "RUS"]
[BlackTeamCountry "CHN"]

{D40: Damengambit (Verbesserte Tarrasch-Verteidigung)} 1. Nf3 d5 2. d4 Nf6 3.
c4 dxc4 4. e3 e6 5. Bxc4 c5 6. O-O a6 7. Nc3 Nc6 8. a3 b5 9. Ba2 Bb7 10. Qe2
Qc7 (10... Be7 11. dxc5 Bxc5 12. b4 Bd6 13. Bb2 O-O 14. Rfd1 Qe7 15. Rac1 Rfd8
16. Nb1 Nd7 17. Nbd2 Nce5 18. Bb1 Nxf3+ 19. Nxf3 Nb6 20. Nd2 e5 21. Ne4 Nc4 22.
Bd3 Bxe4 23. Bxe4 Rac8 24. Bd5 Nxb2 25. Qxb2 {Nikolaidis,I (2545)-Ivanchuk,V 
(2768)/Eretria GRE 2011/The Week in Chess 870/1/2-1/2}) 11. Rd1 $146 (11. h3
Be7 12. dxc5 Bxc5 13. b4 Bd6 14. Bb2 Rc8 15. Rac1 Qb8 16. Bb1 Ne7 17. Ng5 Rc4
18. Bd3 h6 19. Nf3 Rc8 20. Nd2 Qa8 21. f3 Nf5 22. Nce4 Nxe4 23. Nxe4 O-O 24.
Nxd6 Nxd6 25. Qf2 Rfd8 {Piket,J (2605)-Kortschnoj,V (2625)/Tilburg 1998/EXT
1999/1/2-1/2}) 11... Rd8 12. d5 exd5 13. Nxd5 Nxd5 14. Bxd5 (14. Rxd5 $143 Bd6
15. e4 O-O $17) 14... Be7 15. e4 O-O 16. g3 Na5 17. Bf4 Qc8 18. a4 b4 19. Rac1
Bc6 $2 (19... Rfe8 $142 $11) 20. Bg5 $18 Bxg5 21. Rxc5 (21. Nxg5 $6 Bxd5 22.
Rxd5 Rxd5 23. exd5 h6 $14) 21... Bf6 22. Rxa5 Bxd5 23. Raxd5 Rxd5 24. Rxd5 Qc1+
25. Kg2 Bxb2 26. Qxa6 Qc2 (26... Bc3 27. Qc4 Qa1 28. Ng5 $18) 27. Rd2 Qb3 28.
a5 Bc3 29. Rd5 Qc2 30. Qb7 b3 31. a6 b2 32. Rb5 Qa4 33. a7 h6 34. e5 Kh7 $2 (
34... Qa2 $18) 35. Rb3 Qa2 36. h4 Kg8 (36... Kh8 37. h5 $18) 37. h5 Qa5 38. Qb8
Qa2 39. Rxc3 (39. e6 $142 fxe6 40. Nh4 $18) 39... b1=Q 40. Rc8 (40. Rc8 Qf1+
41. Kxf1 Qa6+ 42. Kg2 Rxc8 43. Nd4 $18) 1-0

[Event "3. London Chess Classic"]
[Site "London ENG"]
[Date "2011.12.05"]
[Round "3"]
[White "Carlsen, Magnus"]
[Black "Nakamura, Hikaru"]
[Result "1-0"]
[WhiteElo "2826"]
[BlackElo "2758"]
[PlyCount "81"]
[EventDate "2011.12.03"]
[Source "Mark Crowther"]
[SourceDate "2011.01.03"]
[WhiteTeamCountry "RUS"]
[BlackTeamCountry "CHN"]

{C54: Italienische Partie (Hauptvariante)} 1. e4 e5 2. Nf3 Nc6 3. Bc4 Nf6 4. d3
Bc5 5. c3 d6 6. Bb3 a6 7. Nbd2 Ba7 8. Nf1 h6 9. Ng3 O-O 10. O-O Be6 11. h3 Qd7
$146 (11... d5 12. Qe2 Re8 13. Rd1 Qe7 14. Nh4 dxe4 15. Nhf5 Qf8 16. dxe4 Bxb3
17. axb3 Ne7 18. Qf3 Nxf5 19. Nxf5 Re6 20. Be3 Bxe3 21. Nxe3 Rd8 22. b4 {Landa,
K (2597)-Adams,M (2707)/Enschede 2006/1/2-1/2}) 12. Be3 Ne7 (12... Bxe3 13.
fxe3 Na5 14. Bxe6 Qxe6 15. Qe1 $11) 13. Nh4 Ng6 14. Nhf5 Ne7 15. Nxe7+ Qxe7 16.
Bxa7 Rxa7 17. f4 c5 18. Bc2 (18. Bxe6 $5 Qxe6 19. Nf5 $14) 18... b5 $11 19. Qd2
Rb7 20. a3 a5 21. Rf2 b4 22. axb4 axb4 23. Raf1 bxc3 24. bxc3 exf4 25. Rxf4 Nh7
26. d4 cxd4 27. cxd4 Qg5 28. Kh2 Nf6 29. Bd1 Rfb8 (29... Ra8 $5 30. h4 Qa5 31.
Qxa5 Rxa5 32. Rxf6 gxf6 $11) 30. h4 $14 Qg6 31. Rxf6 gxf6 32. Qf4 Rb2 33. Bh5
Qg7 34. Bf3 Ra8 $2 (34... Rd8 $142 $14) 35. d5 $18 Bc8 36. Nh5 Qf8 (36... Qg6
37. Qxd6 Rxg2+ 38. Bxg2 Qxh5 39. Qd8+ Kh7 40. Qxf6 Ra7 $18) 37. Nxf6+ Kh8 38.
Rc1 Kg7 (38... Rba2 $18) 39. e5 dxe5 40. Nh5+ Kh7 41. Be4+ (41. Be4+ Kg8 42.
Qg3+ Kh8 43. Qxe5+ f6 44. Nxf6 $18 Rb7 45. d6 Ra5 46. Qxa5 Qxd6+ 47. g3 Rb8 48.
Qc3 Qb4 49. Qc7 Bf5 50. Bxf5 Qb2+ 51. Kh3 Qb7 52. Qf4 Qh7 53. Qxb8+ Kg7 54.
Nxh7 h5 55. Qf8#) 1-0

[Event "Cultural Village Tournament"]
[Site "Wijk aan Zee NED"]
[Date "2011.11.30"]
[Round "9.3"]
[White "Lenderman, A."]
[Black "Adhiban, B."]
[Result "0-1"]
[WhiteElo "2581"]
[BlackElo "2544"]
[PlyCount "54"]
[EventDate "2011.11.21"]
[EventType "tourn"]
[EventRounds "9"]
[EventCountry "NED"]
[EventCategory "8"]
[Source "Mark Crowther"]
[SourceDate "2011.01.03"]
[WhiteTeamCountry "RUS"]
[BlackTeamCountry "CHN"]

{A28: Englische Eröffnung (Vierspringer-Variante)} 1. c4 e5 2. Nc3 Nf6 3. Nf3
Nc6 4. a3 d5 5. cxd5 Nxd5 6. Qc2 Nxc3 7. dxc3 (7. bxc3 Bd6 8. g3 Qe7 9. d3 O-O
10. Bg2 Bd7 11. O-O Rae8 12. e4 Na5 13. Nh4 b6 14. Nf5 Qf6 15. Ne3 Be6 16. Bb2
Bc5 17. Qe2 Rd8 18. Nd5 Bxd5 19. exd5 Bd6 20. Rae1 Nb3 21. Qd1 Nc5 {Gashimov,V
(2760)-Wang Yue (2709)/Ningbo CHN 2011/0-1}) 7... Bd6 $146 (7... Be7 8. e4 Be6
9. b4 O-O 10. Bd3 a6 11. O-O Bg4 12. Be2 Bxf3 13. Bxf3 Bg5 14. Rd1 Qf6 15. Bb2
Rfd8 16. Bg4 g6 17. Qe2 Rxd1+ 18. Rxd1 h5 19. Bh3 Rd8 20. g3 h4 21. Kg2 hxg3
22. hxg3 {Kovalyov,A (2612)-Gonzalez Garcia,J (2522)/Sabadell ESP 2011/1-0}) (
7... a5 8. e4 Bd6 9. Bc4 O-O 10. Bg5 Qe8 11. O-O Be6 12. Nd2 Bxc4 13. Nxc4 Qe6
14. Ne3 Be7 15. Bxe7 Nxe7 16. Rad1 Rad8 17. b4 axb4 18. cxb4 c6 19. Qc5 Ng6 20.
g3 Qb3 21. Qb6 Rxd1 22. Rxd1 {Zvjaginsev,V (2654)-Lima,D (2542)/Tripoli 2004/
1-0}) 8. e4 O-O 9. Be3 Qe7 10. Rd1 f5 (10... Bc5 11. Bxc5 Qxc5 12. b4 $11) 11.
exf5 Bxf5 (11... Rxf5 $2 12. Bd3 Rh5 13. h4 $18) 12. Qb3+ Kh8 13. Qxb7 e4 (
13... Bd7 14. Qa6 Rab8 15. Rd2 $11) 14. Nd2 (14. Nh4 $1 Bg4 15. Nf5 $16) 14...
Ne5 $11 15. b4 (15. Nc4 $5 Rab8 16. Qxa7 Nxc4 17. Bxc4 Rxb2 18. O-O $14) 15...
Bg4 (15... Qe6 16. Qa6 (16. Nxe4 $2 Rab8 17. Qd5 Qxd5 18. Rxd5 Bxe4 $19) 16...
Bg4 17. Rc1 $17) 16. Rc1 (16. Nxe4 Bxd1 17. Kxd1 a5 $19) 16... Rae8 17. Nc4 (
17. Nxe4 $2 Nf3+ $1 18. gxf3 Bxf3 $19) 17... Nd3+ 18. Bxd3 exd3 19. O-O Be2 20.
Nxd6 $2 (20. g3 $142 $17) 20... Qxd6 $19 (20... cxd6 $143 21. Qxe7 Rxe7 22.
Rfd1 $14) 21. Bc5 (21. Qxa7 d2 22. Bxd2 Bxf1 23. Qd4 Qxd4 24. cxd4 $19) 21...
Qf4 (21... Qd8 $142 22. Bxf8 Bxf1 23. Rxf1 d2 $19) 22. Bxf8 (22. g3 Qxc1 $3 23.
Rxc1 $19) 22... d2 23. Ra1 (23. Rce1 dxe1=R 24. Rxe1 Ba6 (24... Qxf8 $6 25.
Qxa7 Bc4 26. Rxe8 Qxe8 27. h3 Qe1+ 28. Kh2 Qe5+ 29. Kg1 $15) 25. Bxg7+ Kxg7 26.
Qxc7+ Qxc7 27. Rxe8 Qd7 $19) 23... Bxf1 24. Rxf1 (24. Kxf1 $4 Qc4+ 25. Kg1 Re1+
26. Rxe1 dxe1=Q#) 24... Re1 (24... Qc4 25. g3 Re1 26. Kg2 Qxf1+ 27. Kf3 d1=Q+
28. Kf4 Qc4+ 29. Qe4 Qxe4+ 30. Kg5 Qdd5#) 25. Qd5 Rxf1+ 26. Kxf1 Qc4+ $3 27.
Qxc4 d1=Q# 0-1

[Event "TCh-ESP CECLUB Div Honor 2011"]
[Site "Melilla ESP"]
[Date "2011.11.23"]
[Round "3"]
[White "Aleksandrov, Aleksej"]
[Black "Negi, Parimarjan"]
[Result "0-1"]
[WhiteElo "2626"]
[BlackElo "2617"]
[PlyCount "58"]
[EventDate "2011.11.21"]
[EventType "team"]
[EventRounds "7"]
[EventCountry "ESP"]
[Source "Mark Crowther"]
[SourceDate "2011.01.03"]
[WhiteTeam "Cajacanarias"]
[BlackTeam "CA Solvay"]

{D31: Damengambit (Halbslawisch)} 1. d4 d5 2. c4 e6 3. Nc3 Be7 4. cxd5 exd5 5.
Bf4 c6 6. Qc2 Nf6 7. e3 Nh5 8. Be5 Nd7 9. Be2 Nxe5 10. dxe5 g6 11. Bxh5 gxh5
12. Nge2 $146 (12. Nf3 f6 13. O-O Bg4 14. exf6 Bxf6 15. Nd4 O-O 16. f3 Bd7 17.
Rad1 Rc8 18. Rfe1 Bg7 19. e4 c5 20. Nf5 Bxf5 21. exf5 d4 22. Qe4 Qd7 23. g4
Rfe8 24. Qd5+ Qxd5 25. Nxd5 Rxe1+ 26. Rxe1 Rd8 {Arizmendi Martinez,J (2568)
-Sargissian,G (2671)/Porto Carras GRE 2011/0-1}) (12. O-O-O f6 13. Nf3 (13. e4
d4 14. exf6 Bxf6 15. Nf3 Bg4 16. Ne2 Qa5 17. Kb1 c5 18. Nf4 O-O 19. h3 Bd7 20.
Nxh5 Rae8 21. Nd2 Bh4 22. f4 c4 23. g4 d3 24. Qc1 b5 25. f5 Kh8 26. Nf3 Bd8 27.
Qh6 Rf7 {So,W (2667)-Laznicka,V (2681)/New Delhi 2011/1-0}) 13... fxe5 14. Nxe5
O-O 15. f4 Bd6 16. Nf3 Bf5 17. Qd2 Qf6 18. e4 dxe4 19. Qxd6 exf3 20. Qxf6 Rxf6
21. gxf3 Bg6 22. Ne2 Re8 23. Rd2 Re3 24. Rf1 Bd3 25. Rf2 Kf7 26. b3 h4 {
Grischuk,A (2747)-Aronian,L (2808)/Kazan RUS 2011/0-1}) 12... f6 13. exf6 Bxf6
14. Rd1 Qe7 15. e4 d4 (15... dxe4 $5 16. Nxe4 Be5 $14) 16. Nxd4 $16 Qg7 17.
Nde2 (17. Nce2 Qxg2 18. Rg1 Qxh2 19. Qb3 $16) 17... Qxg2 $15 18. Rg1 Qxh2 19.
Qb3 Rf8 20. f4 (20. f3 $5 $17) 20... Bg4 $19 21. Rxg4 hxg4 22. Qe6+ Be7 23. Rd7
$4 (23. Qd7+ $142 Kf7 24. Qf5+ Kg7 25. Qxg4+ Kh8 26. Kd2 Rad8+ 27. Kc1 $19)
23... Qh4+ 24. Kf1 (24. Kd2 Rd8 25. Rxd8+ Kxd8 $19) 24... Rf7 25. Rxb7 (25. Rd3
Kf8 26. Qe5 Bf6 27. Qc5+ Kg8 $19) 25... Kf8 26. Qxc6 (26. Qe5 Kg8 27. Rb8+ Rxb8
28. Qxb8+ Rf8 29. Qxa7 Bg5 $19) 26... Rd8 (26... Qh1+ $142 27. Kf2 Bh4+ 28. Ke3
Rxb7 29. Qxb7 Rd8 $19) 27. e5 (27. Nd5 Qh1+ 28. Ng1 Rxd5 29. Rb8+ Rd8 30. Rxd8+
Bxd8 31. Qd6+ Kg7 32. Qd4+ Kh6 33. f5 $19) 27... Rd3 28. Qc8+ (28. Rxa7 Rf3+
29. Qxf3 gxf3 30. Ra8+ Kg7 31. Nd4 Qh3+ 32. Ke1 Rxf4 33. Nde2 fxe2 34. Rg8+
Kxg8 35. Kxe2 Qf1+ 36. Kd2 Rf2+ 37. Ne2 Qxe2+ 38. Kc3 Rf3+ 39. Kd4 Qd3#) 28...
Kg7 29. Kg2 Rf3 (29... Rf3 30. Qf8+ Kxf8 31. Rb8+ Kg7 32. Rg8+ Kxg8 33. Ne4
Qh3+ 34. Kg1 Rf1#) 0-1

[Event "Frauen-WM"]
[Site "Tirana ALB"]
[Date "2011.11.21"]
[Round "6"]
[White "Koneru, Humpy"]
[Black "Hou Yifan"]
[Result "0-1"]
[WhiteElo "2600"]
[BlackElo "2578"]
[PlyCount "76"]
[EventDate "2011.11.14"]
[EventType "match"]
[EventRounds "10"]
[EventCountry "ALB"]
[Source "Mark Crowther"]
[SourceDate "2011.01.03"]

{D38: Damengambit (Ragosin-Verteidigung)} 1. d4 e6 2. c4 Nf6 3. Nf3 d5 4. Nc3
Bb4 5. Qa4+ Nc6 6. e3 O-O 7. Bd2 dxc4 8. Bxc4 Bd6 9. Qc2 (9. Nb5 Bd7 10. Qb3
Ne4 11. Nxd6 cxd6 12. Bd3 Nxd2 13. Nxd2 Qa5 14. a3 Rab8 15. Qb5 Qxb5 16. Bxb5
Rfc8 17. Ne4 d5 18. Nc5 Be8 19. Bxc6 Rxc6 {Ponomariov,R (2744)-Kramnik,V (2784)
/Wijk aan Zee NED 2011/ 1/2-1/2}) 9... a6 10. a3 $146 (10. Ne4 Nb4 11. Qb1 (11.
Qb3 Nxe4 12. Bxb4 b5 13. Be2 Bb7 14. Bxd6 cxd6 15. O-O Bd5 16. Qb4 f5 17. Rfc1
f4 18. Qa3 g5 19. Ne1 Qb6 20. Qd3 Rae8 21. Bf3 Qb7 22. exf4 Rxf4 23. Qe3 Nf6
24. Rc2 Qg7 25. Rac1 Bxf3 {Lazarev,V (2636)-Milov,V (2585)/Switzerland 2003/0-1
}) 11... Nxe4 12. Qxe4 Bd7 13. O-O Bc6 14. Qg4 Nd5 15. Ne5 Bxe5 16. dxe5 Nb6
17. Bb4 h5 18. Qxh5 Nxc4 19. Rfd1 Qe8 20. Rd4 b5 21. b3 f6 22. Qxe8 Rfxe8 23.
bxc4 fxe5 24. Rg4 e4 {Krasenkow,M (2641)-Kortschnoj,V (2635)/Essen 2002/1-0})
10... e5 11. dxe5 Nxe5 12. Nxe5 Bxe5 13. f4 Bxc3 14. Bxc3 (14. bxc3 $143 g6 15.
O-O Bf5 $17) (14. Qxc3 $143 b5 15. Bd3 Qd5 $17) 14... Qe7 15. O-O Qxe3+ 16. Kh1
Qb6 17. f5 Bd7 18. Bb4 Rfe8 19. Rad1 Qc6 20. Qb3 Kh8 21. Rc1 (21. Bc3 Re7 $14)
21... Qb6 22. Bxf7 Re5 23. Bc3 Qxb3 (23... Rxf5 $4 24. Rxf5 Bxf5 25. Rf1 $18)
24. Bxb3 Re3 25. Bc4 Rae8 26. Bd4 R3e7 27. Ba2 (27. Bb3 Bb5 28. Rfd1 Ne4 $14)
27... Re2 (27... Bb5 28. Rfd1 Ba4 29. Rf1 $11) 28. Bf7 R8e7 29. Bc4 R2e4 30.
Bc5 (30. Bxf6 $5 gxf6 31. Bd5 $14) 30... Re8 $11 31. Bf7 R8e5 32. Ba2 Bc6 (
32... Bxf5 $143 33. Bb1 $16) 33. Rg1 $2 (33. Rfd1 $142 Bd5 34. Bxd5 Nxd5 35. h3
$15) 33... Re2 $19 34. Bd4 Rxf5 35. Bc4 Rd2 36. Bc3 $4 (36. Be6 $142 Rh5 37.
Rc4 $19) 36... Ne4 (36... Ng4 $142 37. Rcf1 Rxf1 38. Rxf1 Nf2+ 39. Rxf2 Rxf2
$19) 37. Rge1 (37. h3 Nxc3 38. Rxc3 $19) 37... Ng3+ $3 38. hxg3 Rh5+ (38...
Rh5+ 39. Kg1 Rxg2+ 40. Kf1 Rf5#) 0-1

[Event "18. European Teams"]
[Site "Porto Carras GRE"]
[Date "2011.11.09"]
[Round "7.4"]
[White "Efimenko, Zahar"]
[Black "Forster, Richard"]
[Result "0-1"]
[WhiteElo "2702"]
[BlackElo "2458"]
[PlyCount "86"]
[EventDate "2011.11.03"]
[Source "Mark Crowther"]
[SourceDate "2011.01.03"]
[WhiteTeam "Ukraine"]
[BlackTeam "Switzerland"]
[WhiteTeamCountry "UKR"]
[BlackTeamCountry "SUI"]

{B76: Sizilianisch (Moderne Drachen-Variante)} 1. e4 c5 (1... e5 2. Nf3 Nc6 3.
Bb5 $14) 2. Nf3 $14 d6 3. d4 cxd4 4. Nxd4 Nf6 5. Nc3 g6 6. Be3 Bg7 7. f3 O-O 8.
Qd2 Nc6 9. g4 Bxg4 (9... Nd7 $5 $14) 10. fxg4 $16 Nxg4 11. Nb3 (11. Bg1 e6 12.
h4 d5 $16) 11... a5 12. a4 d5 13. exd5 Nb4 (13... Nxe3 14. Qxe3 Bxc3+ 15. bxc3
(15. Qxc3 $143 Qxd5 16. Rg1 Nb4 $15) 15... Qxd5 16. Rg1 $14) 14. Bf4 (14. Bg5
$142 $5 Bxc3 15. bxc3 (15. Qxc3 $4 Qxd5 16. Rg1 Rac8 17. Qxb4 axb4 18. Rxg4
Rxc2 $19) 15... Nxc2+ 16. Qxc2 Qxd5 17. h3 Qxh1 18. hxg4 $16) 14... e5 $11 15.
Bg5 Bf6 $4 (15... Nxc2+ $142 16. Kd1 Bf6 17. Kxc2 Bxg5 $11) 16. Bxf6 $18 Qxf6
17. O-O-O Nf2 18. Bb5 Nxh1 19. Rxh1 Rfd8 20. Rd1 b6 21. d6 Rac8 (21... Kg7 22.
d7 Qe6 23. Qd6 Qxd6 24. Rxd6 $18) 22. d7 Rc7 23. Nd5 Nxd5 24. Qxd5 Qf4+ (24...
Qe7 25. Re1 $18) 25. Kb1 e4 (25... Qf5 26. Qd6 Rxc2 27. Bd3 Qxd7 28. Qxd7 Rxb2+
29. Kxb2 Rxd7 30. Be2 Rxd1 31. Bxd1 $18) 26. Nd2 (26. Rd4 $142 Qxh2 27. Rxe4
Qxc2+ 28. Ka2 Rcxd7 29. Bxd7 Qc7 $18) 26... e3 27. Rf1 (27. Ne4 $142 Kg7 28.
Re1 $18) 27... Rcxd7 $17 28. Bxd7 (28. Rxf4 $2 Rxd5 29. Nf3 Rf5 30. Rxf5 Rd1+
31. Ka2 gxf5 $17) 28... Qxf1+ 29. Nxf1 e2 30. Qb5 e1=Q+ 31. Ka2 Qf2 32. c3 h5
33. Ng3 $2 (33. Bc6 $142 $11) 33... Qxh2 $19 34. Ne4 Qf4 $4 (34... Kg7 $142 $19
) 35. Bc6 $11 h4 36. Qxb6 Rd1 37. Qxa5 h3 38. Qa8+ (38. Qg5 $5 Qxg5 39. Nxg5
$11) 38... Kg7 $17 39. Qa7 $4 (39. Nc5 $142 $17) 39... h2 $19 40. Qf2 Qc7 41.
Ng5 (41. Qf6+ Kg8 42. Nf2 $19) 41... Qxc6 42. Qxf7+ Kh6 43. Qf4 Ra1+ $3 (43...
Ra1+ 44. Kxa1 h1=Q+ 45. Ka2 Qhd5+ 46. b3 Qg2+ 47. Ka3 Qc5+ 48. Qb4 Qgxg5 49.
Qxc5 Qxc5+ 50. Ka2 Qf2+ 51. Ka1 g5 52. Kb1 g4 53. Kc1 g3 54. c4 g2 55. Kd1
g1=Q#) 0-1